Music Quiz

Random Music or Song Quiz

'Margaritaville' Lyrics Quiz Stats

 Plays Quiz Updated Oct 8, 2019

Score 0/168 Timer 08:00
7 Plays Today
% Correct
[Chorus]
98.9%
[Chorus]
98.9%
I
96.9%
I
96.9%
I
96.9%
I
96.9%
I
96.9%
I
96.9%
a
96.5%
a
96.5%
a
96.5%
a
96.5%
a
96.5%
a
96.5%
Margaritaville,
94.6%
in
93.6%
in
93.6%
the
91.6%
the
91.6%
the
91.6%
to
90.2%
to
90.2%
to
90.2%
to
90.2%
to
90.2%
my
89.9%
my
89.9%
my
89.9%
my
89.9%
my
89.9%
my
89.9%
my
89.9%
my
89.9%
it
88.6%
it
88.6%
it
88.6%
of
87.6%
of
87.6%
away
87.4%
Wastin'
86.9%
it's
85.8%
it's
85.8%
it's
85.8%
it's
85.8%
for
85.5%
but
85.1%
but
85.1%
But
85.1%
But
85.1%
But
85.1%
again
84.7%
know
84.5%
know
84.5%
know,
84.5%
know
84.5%
salt.
84.4%
% Correct
that
84.4%
that
84.4%
that
84.4%
that
84.4%
fault.
84%
fault.
84%
fault.
84%
fault.
84%
there's
83.4%
there's
83.4%
there's
83.4%
Some
83.4%
some
83.4%
woman
82.6%
woman
82.6%
shaker
82.5%
blame,
82.4%
blame,
82.4%
on
82.4%
on
82.4%
on
82.4%
on
82.4%
on.
82.4%
people
82%
people
82%
lost
81.6%
own
81%
own
81%
damn
80.3%
damn
80.3%
searchin'
79.4%
be
77%
me
76.7%
and
75.8%
and
75.8%
and
75.8%
claim
74.1%
claim
74.1%
All
68.3%
all
68.3%
here
65.1%
here
65.1%
cut
62.7%
nobody's
62.4%
Mexican
61.6%
How
61.2%
sun
60.8%
real
60.6%
got
60.5%
cutie,
60.3%
beauty,
60.1%
with
59.9%
with
59.9%
blender,
59.7%
will
59.4%
flip-
58.6%
% Correct
flop,
58.4%
clue.
58.4%
haven't
58.2%
tattoo.
58.1%
pop-
58.1%
stepped
58.1%
this
57.8%
booze
57.5%
helps
56.7%
new
56.5%
concoction
56.3%
top;
56.3%
hang
56%
could
55.8%
oil.
55.8%
covered
55.8%
watchin'
55.7%
soon
55.7%
frozen
55.4%
brand
54.6%
nothing
54.6%
bake;
54.2%
render
54.2%
out
54.1%
cake,
53.8%
sponge
53.4%
Don't
52.9%
back
52.3%
home.
52%
those
51.8%
those
51.8%
season
51.7%
reason,
51.5%
porch
50.8%
front
50.4%
had
50.3%
tourists
50.3%
blew
49.7%
swing.
48.7%
show
48.5%
think,--
47.7%
string
46.7%
six-
46.6%
heel,
45.7%
Strummin'
45.3%
stayed
44.2%
cruise
43.5%
shrimp--
43%
boil.
42.4%
beginnin'
40.9%
Smell
40.6%
They're
38.9%
Nibblin'
37.4%
Yes,
37.2%
hell
33.8%
Now
32.9%

You're not logged in!

Compare scores with friends on all Sporcle quizzes.
OR
Log In

Sporcle TV

Today on Sporcle TV


Watch our educational content, quiz creation guides, and fun videos on Sporcle TV.

Show Comments

Extras

Top Quizzes Today


Score Distribution

Your Account Isn't Verified!

In order to create a playlist on Sporcle, you need to verify the email address you used during registration. Go to your Sporcle Settings to finish the process.

Report this User

Report this user for behavior that violates our Community Guidelines.

Details: